02017agaaa2200313 45000010005000000030009000050050017000140070009000310080040000400400023000800410013001031000009001161300041001252400047001662450161002132460040003742500022004142600094004363000033005305080055005635110036006185200844006545380016014985460013015146500058015277000054015857000009016397000055016483900IT-RoPAU20220918181245.0d cvaizq50131s9999||||xx ||| | || ||und|| aIT-RoPAUcIT-RoPAU aITALIANO aN.d. aSANTI E PECCATORI-1-SU QUESTA PIETRA aSAINTS AND SINNERS - UPON THIS ROCKgT3363 aSANTI E PECCATORI-1-SU QUESTA PIETRAcProdotto da: Studio P.V. Diretto da: N.d.pSANTI E PECCATORI-1-SU QUESTA PIETRA (Rif. Codice opera principale : H3900) aSAINTS AND SINNERS - UPON THIS ROCK aEdizione Standard aMILANO (ITALIA)bMULTIMEDIA SAN PAOLO / g"1999 (1° ed.: 2003 ; Ed. Lingua Orig.: 1997)" aVHSbsonoro, col.c60 minuti a"Fotografia: Robert James; Musica: Pook Jocelyn; " a"Narratore:; Marco; Balzarotti" a"LA PIU' RECENTE E COMPLETA STORIA DELLA CHIESA, RACCONTATA DALLA PARTE DEISUCCESSORI DI PIETRO. UNO STRUMENTO CRITICO PER LEGGERE LA VITA DI UN'ISTITUZIONE CHE, DA VENTI SECOLI, CONDIVIDE CON L'UOMO LE GIOIE E LE SPERANZE, LE TRISTEZZE E LE ANGOSCE. UNO SGUARDO ILLUMINANTE SUL PASSATO PER COMPRENDERE I FERMENTI DI NOVITA' DEL TERZO MILLENNIO. 1 EPISODIO: ""SU QUESTA PIETRA"": LA NASCITA E GLI INIZI DELLA CHIESA; L'ATTIVITA' DEGLI APOSTOLI PIETRO E PAOLO; LE PERSECUZIONI; L'AFFERMAZIONE DI UN'AUTORITA' CENTRALE IN RISPOSTA AL SORGERE DELLE ERESIE; IL VANGELO DI TOMMASO; DA VESCOVO DI ROMA A PAPA; IL CRISTIANESIMO DIVENTA RELIGIONE DI STATO CON COSTANTINO; L'ARIANESIMO; DAMASO E LA VULGATA; AMBROGIO. CONSULENZA DELL'EDIZIONE ITALIANA: D. FRANCO PIERINI, D. ENNIO APECITI, D. UMBERTO DELL'ORTO. DISTRIBUZIONE MULTIMEDIA SAN PAOLO." aPAL, STEREO aITALIANO aDOCUMENTARIOeFILMS [VHS]xCodice MATERIA SPICS: 9960 aAA.VV. e(soggetto)gCodice Soggetto SPICS: 12000 aN.d. aPook Jocelyne(musica)gCodice Musica SPICS: 57469